Language Quiz

Random Language or State Quiz

Find the Countries of Europe in Their Official Language Quiz Stats

 Plays Quiz Updated May 30, 2019

Score 0/47 Timer 06:00
7 Plays Today
% Correct
United Kingdom
92.4%
Italia
91.9%
France
91.9%
Ireland
91.7%
Portugal
91.7%
España
91.6%
Deutschland
89.7%
Türkiye
89.3%
Polska
88.3%
Danmark
88.3%
Norge
88.2%
Nederland
88.1%
België
87.9%
Suomi
87.6%
Schweiz
87.2%
Ísland
86%
Lëtzebuerg
85.6%
Città del Vaticano
83.1%
Andorra
82.3%
România
80.8%
Malta
78.5%
Sverige
77.8%
Latvija
77.6%
San Marino
77%
% Correct
Liechtenstein
76.3%
Monaco
74.7%
Österreich
74.4%
Россия
73.5%
Eesti
73.3%
Slovenija
73.3%
Česko
72.7%
Moldova
72.5%
Bosna i Hercegovina
71.7%
Kosova
71.6%
Ελλάδα
68.4%
Северна Македонија
67.7%
Lietuva
65.4%
Украïна
64.5%
Беларусь
60.4%
Magyarország
57.5%
Slovensko
57.5%
Κύπρος
54.1%
Hrvatska
46.5%
Crna Gora
46.4%
Shqipëri
45.4%
България
42.4%
Србија
39.8%

You're not logged in!

Compare scores with friends on all Sporcle quizzes.
OR
Log In

Show Comments

Extras

Top Quizzes Today


Score Distribution

Your Account Isn't Verified!

In order to create a playlist on Sporcle, you need to verify the email address you used during registration. Go to your Sporcle Settings to finish the process.

Report this User

Report this user for behavior that violates our Community Guidelines.

Details: